<?xml version="1.0" encoding="UTF-8"?>
<record
    xmlns:xsi="http://www.w3.org/2001/XMLSchema-instance"
    xsi:schemaLocation="http://www.loc.gov/MARC21/slim http://www.loc.gov/standards/marcxml/schema/MARC21slim.xsd"
    xmlns="http://www.loc.gov/MARC21/slim">

  <leader>00733nam a22002057a 4500</leader>
  <controlfield tag="003">Ost</controlfield>
  <controlfield tag="005">20140310184528.0</controlfield>
  <controlfield tag="008">131115t        xxu||||| |||| 00| 0 eng d</controlfield>
  <datafield tag="020" ind1=" " ind2=" ">
    <subfield code="a">0753405113</subfield>
  </datafield>
  <datafield tag="050" ind1=" " ind2=" ">
    <subfield code="a">DT 61</subfield>
    <subfield code="b">.St866 2005</subfield>
  </datafield>
  <datafield tag="100" ind1=" " ind2=" ">
    <subfield code="a">Steele, Philip.</subfield>
    <subfield code="9">30467</subfield>
  </datafield>
  <datafield tag="245" ind1=" " ind2=" ">
    <subfield code="a">I wonder why :</subfield>
    <subfield code="b">Pyramids were built and other questions about ancient egypt /</subfield>
    <subfield code="c">Philip Steele.</subfield>
  </datafield>
  <datafield tag="260" ind1=" " ind2=" ">
    <subfield code="a">London :</subfield>
    <subfield code="b">Kingfisher,</subfield>
    <subfield code="c">2005.</subfield>
  </datafield>
  <datafield tag="300" ind1=" " ind2=" ">
    <subfield code="a">32 p. :</subfield>
    <subfield code="b">ill. col. ;</subfield>
    <subfield code="c">28 cm.</subfield>
  </datafield>
  <datafield tag="650" ind1=" " ind2=" ">
    <subfield code="a">Egypt</subfield>
    <subfield code="x">Civilization</subfield>
    <subfield code="x">To 332 B.C.</subfield>
    <subfield code="x">Juvenile literature.</subfield>
    <subfield code="9">30468</subfield>
  </datafield>
  <datafield tag="650" ind1=" " ind2=" ">
    <subfield code="a">Egypt</subfield>
    <subfield code="x">Social life and customs</subfield>
    <subfield code="x">To 332 B.C.</subfield>
    <subfield code="x">Juvenile literature.</subfield>
    <subfield code="9">30469</subfield>
  </datafield>
  <datafield tag="650" ind1=" " ind2=" ">
    <subfield code="a">Egypt</subfield>
    <subfield code="x">Civilazation</subfield>
    <subfield code="x">To 332 B.C.</subfield>
    <subfield code="9">30470</subfield>
  </datafield>
  <datafield tag="942" ind1=" " ind2=" ">
    <subfield code="2">lcc</subfield>
    <subfield code="c">BK-SCHOLAS</subfield>
  </datafield>
  <datafield tag="999" ind1=" " ind2=" ">
    <subfield code="c">35180</subfield>
    <subfield code="d">35180</subfield>
  </datafield>
  <datafield tag="952" ind1=" " ind2=" ">
    <subfield code="0">0</subfield>
    <subfield code="1">0</subfield>
    <subfield code="2">lcc</subfield>
    <subfield code="4">0</subfield>
    <subfield code="a">LUX</subfield>
    <subfield code="b">LUX</subfield>
    <subfield code="c">REF</subfield>
    <subfield code="d">2013-11-15</subfield>
    <subfield code="l">0</subfield>
    <subfield code="o">DT 61 .St866 2005</subfield>
    <subfield code="p">LEX1711</subfield>
    <subfield code="r">2013-11-15 00:00:00</subfield>
    <subfield code="t">1</subfield>
    <subfield code="w">2013-11-15</subfield>
    <subfield code="y">BK</subfield>
  </datafield>
</record>
